000 00542nam a22002057i 4500
001 3844
003 OSt
005 20170126082324.0
007 tu
008 161220s1998 xxu||||| |||| 00| 0 d
024 7 _a3843
_2RID
040 _cOSt
084 _a11.352
_a11.351
_2z
100 1 _aKoopmann, Georg
245 0 0 _aGerman Foreign Economic Policy in the Age of Globalisation
260 _aHamburg :
_bHWWA-Institut für Wirtschaftsforschung,Hamburg,
_c1998.
300 _a43 S. ;
_c30cm.
490 _aHWWA-Diskussionspapier
_v56
651 _aGermany
942 _cB
999 _c3783
_d3783